[Event "CAN-ch U1600"]
[Site "Kingston CAN"]
[Date "2022.04.15"]
[Round "5.71"]
[White "Paulsen, Lorenz"]
[Black "Brown, Dante"]
[Result "1-0"]
[WhiteElo "1336"]
[BlackElo "999"]
[PlyCount "101"]
[EventDate "2022.04.13"]
[EventType "swiss"]
[EventRounds "9"]
[EventCountry "CAN"]

1. d4 f5 2. Nf3 h6 3. e3 Nf6 4. Bd3 d6 5. c4 e6 6. Nc3 Nc6 7. a3 e5 8. dxe5
dxe5 9. e4 fxe4 10. Nxe4 Nxe4 11. Bxe4 Qxd1+ 12. Kxd1 Bd7 13. Be3 Bd6 14. Bg6+
Ke7 15. c5 Kf6 16. cxd6 Kxg6 17. dxc7 Rhc8 18. Rc1 Bg4 19. Ke1 Bxf3 20. gxf3
Rxc7 21. Rc4 b6 22. f4 Rac8 23. Kf1 Kf5 24. Rg1 Na5 25. Rxc7 Rxc7 26. fxe5 Kxe5
27. Rg4 Nc4 28. Bd4+ Kf5 29. Rxg7 Rxg7 30. Bxg7 Kg6 31. Bd4 Nd2+ 32. Ke2 Nb3
33. Bc3 a5 34. Ke3 a4 35. Ke4 Kg5 36. Ke5 Kg4 37. f4 Nc5 38. Bd2 Nd3+ 39. Ke4
Nxb2 40. f5 Nc4 41. f6 Nd6+ 42. Kd5 Nf7 43. Ke6 Nd8+ 44. Kd7 Nf7 45. Ke7 Nh8
46. Bxh6 b5 47. Bg7 Ng6+ 48. Ke6 Kf4 49. f7 Kg5 50. f8=Q Nxf8+ 51. Bxf8 1-0

[Event "CAN-ch U1600"]
[Site "Kingston CAN"]
[Date "2022.04.15"]
[Round "5.72"]
[White "Hay, John"]
[Black "Li, Aiden"]
[Result "0-1"]
[WhiteElo "1174"]
[BlackElo "1367"]
[PlyCount "92"]
[EventDate "2022.04.13"]
[EventType "swiss"]
[EventRounds "9"]
[EventCountry "CAN"]

1. e4 c5 2. c3 g6 3. d4 cxd4 4. cxd4 d5 5. e5 Nc6 6. Nf3 Bg4 7. Be2 Qb6 8. Nc3
e6 9. Bb5 Nge7 10. Rb1 Bg7 11. Bxc6+ Nxc6 12. Be3 Bf5 13. a3 Bxb1 14. Qxb1 O-O
15. O-O Rfc8 16. Rd1 Qd8 17. Ng5 h6 18. Nf3 a5 19. Qc1 Kh7 20. Qd2 Rcb8 21. Nb5
a4 22. Qd3 Na5 23. Nd2 Qd7 24. Nc3 b5 25. Ne2 Nc4 26. Nxc4 bxc4 27. Qc2 Rb3 28.
Nc1 Rb7 29. Ne2 Rab8 30. Rb1 Qb5 31. Bc1 Qb3 32. Qxb3 Rxb3 33. Ra1 h5 34. f4
Bf8 35. Nc3 Rxc3 36. bxc3 Rb3 37. Bd2 Bxa3 38. Kf1 Bb2 39. Ra2 a3 40. Ke1 Bxc3
41. Bxc3 Rxc3 42. Kd2 Rb3 43. Kc2 Rb2+ 44. Rxb2 axb2 45. Kxb2 g5 46. fxg5 Kg6
0-1

[Event "CAN-ch U1600"]
[Site "Kingston CAN"]
[Date "2022.04.16"]
[Round "6.61"]
[White "Mendes, Aaron Reeve"]
[Black "Mullur, Neerav"]
[Result "1-0"]
[WhiteElo "1453"]
[BlackElo "1312"]
[PlyCount "39"]
[EventDate "2022.04.13"]
[EventType "swiss"]
[EventRounds "9"]
[EventCountry "CAN"]

1. e4 e5 2. Nf3 Nc6 3. d4 exd4 4. Nxd4 Qh4 5. Nb5 Qxe4+ 6. Be2 Kd8 7. O-O Nf6
8. N1c3 Qe5 9. Re1 Bb4 10. Bf3 Qf5 11. Bxc6 bxc6 12. Nd4 Qc5 13. Be3 Qc4 14.
Bg5 Bxc3 15. bxc3 d6 16. Qf3 Be6 17. Bxf6+ gxf6 18. Qxf6+ Kd7 19. Nxe6 fxe6 20.
Qg7+ 1-0

[Event "CAN-ch U1600"]
[Site "Kingston CAN"]
[Date "2022.04.16"]
[Round "6.62"]
[White "Gillanders, Robert"]
[Black "Byl, Oliver"]
[Result "1/2-1/2"]
[WhiteElo "1599"]
[BlackElo "1425"]
[PlyCount "114"]
[EventDate "2022.04.13"]
[EventType "swiss"]
[EventRounds "9"]
[EventCountry "CAN"]

1. d4 d5 2. c4 c6 3. Nf3 Nf6 4. g3 dxc4 5. a4 Bf5 6. Nc3 e6 7. Bg2 Nbd7 8. O-O
Bb4 9. Nd2 Nd5 10. Nxc4 Nxc3 11. bxc3 Bxc3 12. Nd6+ Kf8 13. Nxb7 Qc7 14. Ba3+
Kg8 15. Rc1 Qxb7 16. Rxc3 Rc8 17. Qc1 Nf6 18. Rxc6 Rxc6 19. Bxc6 Qb8 20. Qc5 h6
21. Qd6 Kh7 22. Re1 Qb3 23. Qb4 Qc2 24. Bg2 Rd8 25. a5 Ne4 26. f3 Nc3 27. Bf1
Qd2 28. Rc1 Nxe2+ 29. Bxe2 Qxe2 30. Qc3 Bh3 31. Qc2+ Qxc2 32. Rxc2 Rxd4 33. Bc5
Ra4 34. Bxa7 Rxa5 35. Bd4 Rd5 36. Bb2 Kg6 37. Kf2 Bf5 38. Re2 h5 39. Kg2 f6 40.
h3 e5 41. g4 Bb1 42. Kf2 Kg5 43. Ba3 hxg4 44. hxg4 f5 45. Bc1+ f4 46. Ba3 Ra5
47. Be7+ Kg6 48. Bd6 Ra2 49. Bxe5 Rxe2+ 50. Kxe2 Kf7 51. Bxf4 Ba2 52. Bd2 g6
53. f4 Be6 54. Kf3 Bd5+ 55. Kg3 Be6 56. Kh4 Bc8 57. Kg5 Bd7 1/2-1/2

[Event "CAN-ch U1600"]
[Site "Kingston CAN"]
[Date "2022.04.16"]
[Round "6.63"]
[White "Tseng, Elliot"]
[Black "Dickson, Raymond"]
[Result "1-0"]
[WhiteElo "1002"]
[BlackElo "1561"]
[PlyCount "55"]
[EventDate "2022.04.13"]
[EventType "swiss"]
[EventRounds "9"]
[EventCountry "CAN"]

1. e4 d5 2. exd5 Nf6 3. d4 Nxd5 4. c4 Nb4 5. Qa4+ N8c6 6. d5 b5 7. Qxb5 Nc2+ 8.
Kd2 Nxa1 9. Bd3 g6 10. Qxc6+ Bd7 11. Qc5 e5 12. Qe3 Qe7 13. Nf3 Bg7 14. b3 h5
15. Ba3 Qf6 16. Qxe5+ Qxe5 17. Nxe5 Bxe5 18. Re1 O-O-O 19. Rxe5 Rde8 20. Rxe8+
Rxe8 21. Bb2 Nxb3+ 22. axb3 Kb7 23. Nc3 a6 24. Ne4 Bc8 25. c5 Bf5 26. Nf6 Rd8
27. Bxf5 gxf5 28. Be5 1-0

[Event "CAN-ch U1600"]
[Site "Kingston CAN"]
[Date "2022.04.16"]
[Round "6.64"]
[White "Jutras, Arnaud"]
[Black "Sztuka, Jeremy"]
[Result "1-0"]
[WhiteElo "1054"]
[BlackElo "1304"]
[PlyCount "85"]
[EventDate "2022.04.13"]
[EventType "swiss"]
[EventRounds "9"]
[EventCountry "CAN"]

1. c4 b6 2. Nf3 Bb7 3. g3 e6 4. Bg2 Nf6 5. O-O c5 6. Nc3 Be7 7. b3 O-O 8. Bb2
Nc6 9. d4 Nxd4 10. Nxd4 Bxg2 11. Kxg2 cxd4 12. Qxd4 Bc5 13. Qd3 Qc7 14. Kg1 Ng4
15. Ne4 Be7 16. h3 Nh6 17. Qc3 f6 18. Rad1 Rfd8 19. Qf3 Rac8 20. Nc3 Nf5 21.
Nb5 Qb8 22. a4 Bc5 23. e3 a6 24. Nc3 Bb4 25. Na2 Bd6 26. Nc3 Bb4 27. Na2 Bd6
28. Nc3 Be5 29. Rc1 Bxc3 30. Bxc3 d5 31. cxd5 Rxd5 32. e4 Nd4 33. Qe3 Nf5 34.
exf5 e5 35. Bb2 Rcd8 36. Qc3 Rc5 37. Qe3 Rcd5 38. Rc6 b5 39. axb5 Rxb5 40. Rc3
a5 41. Ba3 Qb7 42. Qe2 Rxb3 43. Qc4+ 1-0

[Event "CAN-ch U1600"]
[Site "Kingston CAN"]
[Date "2022.04.16"]
[Round "6.65"]
[White "Parakin, Don"]
[Black "Cowan, Ryan"]
[Result "1-0"]
[WhiteElo "1342"]
[BlackElo "1508"]
[PlyCount "73"]
[EventDate "2022.04.13"]
[EventType "swiss"]
[EventRounds "9"]
[EventCountry "CAN"]

1. d4 Nf6 2. c4 e6 3. Nc3 d5 4. Bg5 h6 5. Bxf6 Qxf6 6. cxd5 Bb4 7. Qa4+ c6 8.
Qxb4 exd5 9. e3 a5 10. Qa4 O-O 11. Nf3 b5 12. Qc2 Bf5 13. Bd3 Bxd3 14. Qxd3 Nd7
15. O-O Rfe8 16. Rac1 Qd6 17. Rc2 Rac8 18. Rfc1 Nb6 19. b3 b4 20. Na4 Nd7 21.
Qa6 Nb8 22. Qxa5 g5 23. Qc5 Qe6 24. Qxb4 g4 25. Nc5 Qe7 26. Ne5 h5 27. Qa4 Kh7
28. Na6 Nxa6 29. Qxa6 Rg8 30. Rxc6 Ra8 31. Qd3+ Kg7 32. Rc7 Qf6 33. Rxf7+ Qxf7
34. Nxf7 Kxf7 35. Qf5+ Ke7 36. Rc7+ Kd8 37. Qd7# 1-0

[Event "CAN-ch U1600"]
[Site "Kingston CAN"]
[Date "2022.04.16"]
[Round "6.66"]
[White "Adam, Sebastien"]
[Black "Lim, Justin"]
[Result "1/2-1/2"]
[WhiteElo "1262"]
[BlackElo "1057"]
[PlyCount "83"]
[EventDate "2022.04.13"]
[EventType "swiss"]
[EventRounds "9"]
[EventCountry "CAN"]

1. d4 Nf6 2. c4 c5 3. Nf3 g6 4. Nc3 cxd4 5. Nxd4 Bg7 6. e4 d6 7. Be2 O-O 8. O-O
Nc6 9. Be3 a6 10. f4 Qc7 11. f5 Ne5 12. b3 e6 13. fxe6 Bxe6 14. Bg5 Nfd7 15.
Be7 Rfe8 16. Nxe6 Qb6+ 17. Kh1 fxe6 18. Bxd6 Nxc4 19. Bxc4 Bxc3 20. Rc1 Be5 21.
Bc7 Bxc7 22. Qxd7 Rad8 23. Qxc7 Qxc7 24. Bxe6+ Rxe6 25. Rxc7 Rxe4 26. Rxb7 Re2
27. a4 Rdd2 28. Rg1 Rb2 29. h3 Red2 30. b4 Ra2 31. b5 Rxa4 32. Rc1 Rd8 33. b6
Rb4 34. Rc6 a5 35. Ra7 Rb8 36. Rcc7 R4xb6 37. Rg7+ Kh8 38. Rxh7+ Kg8 39. Rag7+
Kf8 40. Ra7 Kg8 41. Rag7+ Kf8 42. Ra7 1/2-1/2

[Event "CAN-ch U1600"]
[Site "Kingston CAN"]
[Date "2022.04.16"]
[Round "6.67"]
[White "Wen, Justin"]
[Black "Samuel, Victor"]
[Result "1-0"]
[WhiteElo "1390"]
[BlackElo "1557"]
[PlyCount "53"]
[EventDate "2022.04.13"]
[EventType "swiss"]
[EventRounds "9"]
[EventCountry "CAN"]

1. d4 e6 2. c4 b6 3. Nc3 Bb7 4. e4 Bb4 5. Qc2 Ne7 6. Bd3 O-O 7. Nge2 f5 8. e5
Bxg2 9. Rg1 Bb7 10. Bd2 d5 11. O-O-O dxc4 12. Bxc4 Bd5 13. Bxd5 Nxd5 14. Bh6
Rf7 15. Nxd5 Qxd5 16. a3 Bf8 17. Nf4 Qc6 18. Qxc6 Nxc6 19. Nxe6 Re7 20. Nxf8
Rxf8 21. f4 Kh8 22. Bg5 Rd7 23. d5 Nd8 24. e6 Nxe6 25. dxe6 Rxd1+ 26. Rxd1 h6
27. e7 1-0

[Event "CAN-ch U1600"]
[Site "Kingston CAN"]
[Date "2022.04.16"]
[Round "6.68"]
[White "Gillis, Doug"]
[Black "Beardall, Ben"]
[Result "0-1"]
[WhiteElo "1356"]
[BlackElo "1580"]
[PlyCount "74"]
[EventDate "2022.04.13"]
[EventType "swiss"]
[EventRounds "9"]
[EventCountry "CAN"]

1. b3 e5 2. Bb2 Nc6 3. e3 Nf6 4. Nf3 e4 5. Nd4 d5 6. Bb5 Bd7 7. O-O Bd6 8. Nxc6
bxc6 9. Be2 O-O 10. d4 Rb8 11. Nd2 Be6 12. c4 Re8 13. Qc1 Nd7 14. Re1 f5 15. f4
Kh8 16. Ba3 Nf6 17. Bxd6 Qxd6 18. c5 Qe7 19. Qa3 Qd7 20. b4 Rg8 21. Nf1 g5 22.
Reb1 gxf4 23. exf4 Qg7 24. g3 h5 25. Qe3 h4 26. a4 Ng4 27. Bxg4 Qxg4 28. b5 Bd7
29. b6 cxb6 30. cxb6 axb6 31. a5 bxa5 32. Rxb8 Rxb8 33. Rxa5 Rb1 34. Ra8+ Kh7
35. Ra7 Qd1 36. Qf2 e3 37. Qf3 Qxf3 0-1

[Event "CAN-ch U1600"]
[Site "Kingston CAN"]
[Date "2022.04.16"]
[Round "6.69"]
[White "Mourgelas, James"]
[Black "Paulsen, Lorenz"]
[Result "0-1"]
[WhiteElo "1329"]
[BlackElo "1336"]
[PlyCount "90"]
[EventDate "2022.04.13"]
[EventType "swiss"]
[EventRounds "9"]
[EventCountry "CAN"]

1. e4 c5 2. Nf3 d6 3. d3 Nc6 4. Be2 g6 5. O-O Bg7 6. c3 Qc7 7. Be3 Nf6 8. Nbd2
O-O 9. h3 Re8 10. d4 cxd4 11. Nxd4 a6 12. Rc1 e5 13. Nxc6 bxc6 14. c4 c5 15.
Re1 Qb7 16. b3 Qc7 17. Bf3 a5 18. Nf1 Nd7 19. Qd2 Nb8 20. Ng3 Nc6 21. Ne2 Be6
22. Rcd1 Red8 23. Qc1 a4 24. Bd2 Ra6 25. Bc3 Nb4 26. Bxb4 cxb4 27. Qd2 axb3 28.
axb3 Qb6 29. Ra1 Ra3 30. Reb1 Rda8 31. Rxa3 Rxa3 32. Nc1 Bf8 33. Nd3 Bxc4 34.
bxc4 Qd4 35. Qxb4 Rxd3 36. c5 dxc5 37. Qxd4 exd4 38. Be2 Rd2 39. Kf1 d3 40. Bf3
c4 41. Ke1 c3 42. Rc1 Bb4 43. g3 Rb2 44. Kf1 d2 45. Ra1 c2 0-1

[Event "CAN-ch U1600"]
[Site "Kingston CAN"]
[Date "2022.04.16"]
[Round "6.70"]
[White "Lan, Jerry"]
[Black "Cowan, Michael"]
[Result "0-1"]
[WhiteElo "998"]
[BlackElo "1000"]
[PlyCount "148"]
[EventDate "2022.04.13"]
[EventType "swiss"]
[EventRounds "9"]
[EventCountry "CAN"]

1. d4 d5 2. c4 c6 3. e3 Bf5 4. Nc3 e6 5. Nf3 Bb4 6. Qb3 Qb6 7. Bd2 Nf6 8. Na4
Bxd2+ 9. Nxd2 Qxb3 10. Nxb3 O-O 11. Be2 Nbd7 12. Nc3 Nb6 13. Nd2 h6 14. c5 Nbd7
15. Nf3 a5 16. O-O Rfe8 17. Nh4 Bh7 18. Rfe1 e5 19. Nf3 exd4 20. exd4 Nf8 21.
Ne5 Ne6 22. Rad1 Nxd4 23. Nxf7 Kxf7 24. Rxd4 Nd7 25. Na4 Kg8 26. Rdd1 Bc2 27.
Rd4 Re4 28. Rxe4 Bxe4 29. Nb6 Nxb6 30. cxb6 Re8 31. Bd3 Bg6 32. Rxe8+ Bxe8 33.
f4 Kf8 34. Ba6 Ke7 35. Bxb7 Kd7 36. Ba6 Bf7 37. Kf2 c5 38. f5 d4 39. b3 Bd5 40.
g4 Kc6 41. b7 Kc7 42. Ke2 Bxb7 43. Bd3 Kd6 44. Kf2 Ke5 45. h3 Be4 46. Bf1 Bb1
47. a3 Ba2 48. Bc4 Ke4 49. Ke2 Kf4 50. Kd2 Bb1 51. Ke1 Kg3 52. Ke2 Be4 53. Kd2
Kxh3 54. Be2 Kg3 55. Bd1 Bf3 56. Bc2 Kxg4 57. Kd3 h5 58. Kc4 h4 59. Bd3 h3 60.
Kxc5 h2 61. b4 axb4 62. axb4 h1=Q 63. Kxd4 Kf4 64. b5 Be4 65. Be2 Bxf5 66. Kc5
Qc1+ 67. Kd6 Qd2+ 68. Kc7 Qxe2 69. b6 Be4 70. Kb8 Qa6 71. Kc7 Qb7+ 72. Kd8
Qxb6+ 73. Ke8 Bd5 74. Ke7 Qe6+ 0-1

[Event "CAN-ch U1600"]
[Site "Kingston CAN"]
[Date "2022.04.16"]
[Round "6.71"]
[White "Brown, Dante"]
[Black "Li, Aiden"]
[Result "0-1"]
[WhiteElo "999"]
[BlackElo "1367"]
[PlyCount "70"]
[EventDate "2022.04.13"]
[EventType "swiss"]
[EventRounds "9"]
[EventCountry "CAN"]

1. d4 f5 2. Nf3 e6 3. Bf4 Nf6 4. h3 Nc6 5. e3 Be7 6. c3 b6 7. Bd3 Bb7 8. O-O
O-O 9. Nbd2 a5 10. Re1 h6 11. Qc1 Re8 12. e4 fxe4 13. Nxe4 Nxe4 14. Bxe4 Bf8
15. Ne5 Nxe5 16. Bxb7 Nd3 17. Qd2 Nxe1 18. Bxa8 Qxa8 19. Rxe1 Qc6 20. Re3 Bd6
21. Rg3 Bxf4 22. Qxf4 Qd6 23. Qxh6 Qxg3 24. Qh5 g6 25. Qb5 Qd6 26. Qd3 e5 27.
Qc4+ Re6 28. dxe5 Qxe5 29. g3 Qe1+ 30. Kg2 Qe4+ 31. Qxe4 Rxe4 32. Kf1 b5 33. f3
Re8 34. Kf2 d5 35. b3 b4 0-1

[Event "CAN-ch U1600"]
[Site "Kingston CAN"]
[Date "2022.04.16"]
[Round "6.72"]
[White "Narula, Japveer"]
[Black "Hay, John"]
[Result "1-0"]
[WhiteElo "1138"]
[BlackElo "1174"]
[PlyCount "74"]
[EventDate "2022.04.13"]
[EventType "swiss"]
[EventRounds "9"]
[EventCountry "CAN"]

1. e4 c5 2. Nf3 d6 3. d4 cxd4 4. Nxd4 Nf6 5. Nc3 a6 6. Be3 e5 7. Nb3 Be7 8. Be2
Nbd7 9. f3 Nb6 10. Qd2 Qc7 11. O-O O-O 12. Qd3 Be6 13. Na5 Rad8 14. f4 Na8 15.
Nb3 Bxb3 16. axb3 Qb8 17. f5 Nc7 18. Ra2 d5 19. exd5 Ncxd5 20. Nxd5 Nxd5 21.
Qe4 Qc7 22. Bd3 Nf6 23. Qh4 Bc5 24. Bxc5 Qxc5+ 25. Kh1 Rd4 26. Qf2 Qc6 27. Rc1
Qd6 28. h3 e4 29. Be2 Re8 30. Raa1 e3 31. Qf3 Qe7 32. Rd1 Rxd1+ 33. Rxd1 b5 34.
Qc6 Qe5 35. Qxa6 Rb8 36. Bxb5 Qxf5 37. Bd3 Qe5 {...} 1-0

[Event "CAN-ch U1600"]
[Site "Kingston CAN"]
[Date "2022.04.17"]
[Round "7.61"]
[White "Tseng, Elliot"]
[Black "Mendes, Aaron Reeve"]
[Result "1/2-1/2"]
[WhiteElo "1002"]
[BlackElo "1453"]
[PlyCount "39"]
[EventDate "2022.04.13"]
[EventType "swiss"]
[EventRounds "9"]
[EventCountry "CAN"]

1. e4 c5 2. Nf3 d6 3. d4 cxd4 4. Nxd4 a6 5. c4 Nf6 6. Nc3 e6 7. Be3 Be7 8. Be2
Qc7 9. Rc1 b6 10. O-O Bb7 11. f3 Nbd7 12. Qd2 O-O 13. Rc2 Rac8 14. Rfc1 Rfd8
15. Bf1 Ne5 16. a3 Qd7 17. Nb3 Nxc4 18. Bxc4 Rxc4 19. Bxb6 Rdc8 20. Na5 1/2-1/2

[Event "CAN-ch U1600"]
[Site "Kingston CAN"]
[Date "2022.04.17"]
[Round "7.62"]
[White "Byl, Oliver"]
[Black "Chen, Rae"]
[Result "1-0"]
[WhiteElo "1425"]
[BlackElo "1483"]
[PlyCount "97"]
[EventDate "2022.04.13"]
[EventType "swiss"]
[EventRounds "9"]
[EventCountry "CAN"]

1. Nf3 Nf6 2. b3 g6 3. Bb2 Bg7 4. g3 c5 5. Bg2 O-O 6. c4 e6 7. O-O d5 8. cxd5
exd5 9. d4 Ne4 10. Qc1 cxd4 11. Nxd4 Qf6 12. Nd2 Nc6 13. Nxe4 dxe4 14. Nxc6
Qxb2 15. Ne7+ Kh8 16. Qxb2 Bxb2 17. Rab1 Ba3 18. Nxc8 Raxc8 19. Bxe4 f5 20.
Bxb7 Rc2 21. Ba6 Rxa2 22. Ra1 Rxa1 23. Rxa1 Bc5 24. Rd1 h5 25. Rd7 f4 26. gxf4
Rxf4 27. e3 Rg4+ 28. Kf1 Rb4 29. Bc4 a5 30. Bd5 Rb6 31. Rf7 Rd6 32. e4 h4 33.
Kg2 Rd8 34. Kh3 g5 35. Kg4 Rg8 36. Rc7 Bb6 37. Rb7 Rg6 38. Kf5 Rd6 39. Kxg5
Bxf2 40. Rf7 Be1 41. Rf1 Bc3 42. Rf7 Be5 43. h3 Bg3 44. Ra7 Be1 45. Kf5 Bc3 46.
Bc4 Rh6 47. e5 Rh5+ 48. Kg6 Rg5+ 49. Kxg5 1-0

[Event "CAN-ch U1600"]
[Site "Kingston CAN"]
[Date "2022.04.17"]
[Round "7.63"]
[White "Jutras, Arnaud"]
[Black "Gillanders, Robert"]
[Result "1/2-1/2"]
[WhiteElo "1054"]
[BlackElo "1599"]
[PlyCount "72"]
[EventDate "2022.04.13"]
[EventType "swiss"]
[EventRounds "9"]
[EventCountry "CAN"]

1. c4 c5 2. Nf3 Nc6 3. g3 g6 4. Bg2 Bg7 5. O-O d6 6. Nc3 e6 7. e3 Nge7 8. d4
O-O 9. b3 a6 10. Bb2 Qc7 11. Qd2 Bd7 12. d5 Nd8 13. Rad1 e5 14. Ne2 b5 15. Bxe5
f6 16. Ba1 bxc4 17. bxc4 Rb8 18. Rb1 Nf7 19. Nc3 Ne5 20. Nxe5 fxe5 21. Ne2 Rb6
22. Rxb6 Qxb6 23. f4 Qb4 24. Qxb4 cxb4 25. fxe5 dxe5 26. Rxf8+ Kxf8 27. Nc1 Nf5
28. Bh3 Ke7 29. Kf2 Nd6 30. Bxd7 Kxd7 31. c5 Ne4+ 32. Ke2 Nxc5 33. Nb3 Ne4 34.
Kd3 Nf2+ 35. Ke2 Ne4 36. Kd3 Nf2+ 1/2-1/2

[Event "CAN-ch U1600"]
[Site "Kingston CAN"]
[Date "2022.04.17"]
[Round "7.64"]
[White "Mullur, Neerav"]
[Black "Parakin, Don"]
[Result "0-1"]
[WhiteElo "1312"]
[BlackElo "1342"]
[PlyCount "62"]
[EventDate "2022.04.13"]
[EventType "swiss"]
[EventRounds "9"]
[EventCountry "CAN"]

1. e4 c6 2. d4 d5 3. exd5 cxd5 4. c4 Nf6 5. Nc3 Bg4 6. Qb3 dxc4 7. Bxc4 e6 8.
Qxb7 Nbd7 9. Nb5 Rc8 10. Bd3 Bb4+ 11. Kf1 O-O 12. Nxa7 Rb8 13. Qa6 Rb6 14. Qc4
Qa8 15. Nb5 Nd5 16. Nc7 Nxc7 17. Qxc7 e5 18. Qc2 Rc8 19. Bxh7+ Kh8 20. Qe4 Rbc6
21. Be3 Nf6 22. Qd3 Be6 23. Ne2 Bc4 24. Qd1 Kxh7 25. f3 e4 26. Bd2 exf3 27.
gxf3 Re6 28. Qb1+ Kg8 29. Bxb4 Qxf3+ 30. Kg1 Rxe2 31. Qf1 Qg4+ 0-1

[Event "CAN-ch U1600"]
[Site "Kingston CAN"]
[Date "2022.04.17"]
[Round "7.65"]
[White "Dickson, Raymond"]
[Black "Adam, Sebastien"]
[Result "0-1"]
[WhiteElo "1561"]
[BlackElo "1262"]
[PlyCount "50"]
[EventDate "2022.04.13"]
[EventType "swiss"]
[EventRounds "9"]
[EventCountry "CAN"]

1. d4 d5 2. e3 Bf5 3. Bd3 Nh6 4. f4 e6 5. Nf3 c5 6. Bb5+ Nc6 7. O-O Rc8 8. c3
Qb6 9. Bd3 Bd6 10. Ne5 Bxd3 11. Qxd3 cxd4 12. Nxc6 Rxc6 13. exd4 O-O 14. Kh1
Qd8 15. Nd2 Qh4 16. Nf3 Qh5 17. Ne5 Rc7 18. Bd2 f6 19. Nf3 Nf5 20. Kg1 Qg4 21.
Ne1 Rcf7 22. Rf3 e5 23. dxe5 fxe5 24. fxe5 Bc5+ 25. Kh1 Ng3+ 0-1

[Event "CAN-ch U1600"]
[Site "Kingston CAN"]
[Date "2022.04.17"]
[Round "7.66"]
[White "Beardall, Ben"]
[Black "Paulsen, Lorenz"]
[Result "1-0"]
[WhiteElo "1580"]
[BlackElo "1336"]
[PlyCount "107"]
[EventDate "2022.04.13"]
[EventType "swiss"]
[EventRounds "9"]
[EventCountry "CAN"]

1. e4 c5 2. d4 cxd4 3. c3 dxc3 4. Nxc3 Nc6 5. Nf3 e6 6. Bc4 Be7 7. O-O a6 8.
Qe2 d6 9. Rd1 Qc7 10. Bf4 e5 11. Be3 Nf6 12. Rac1 O-O 13. Nd5 Qb8 14. Nb6 Nxe4
15. Nxa8 Qxa8 16. Bb6 Nf6 17. h3 Kh8 18. a3 Qb8 19. Be3 Bd7 20. b4 b5 21. Ba2
Qb7 22. Bg5 Be6 23. Bxf6 gxf6 24. Bb1 f5 25. Qe3 Rg8 26. g3 Rg7 27. Qc3 Bd7 28.
Bxf5 Bxf5 29. Qxc6 Qxc6 30. Rxc6 Bxh3 31. Nh2 f5 32. Rc8+ Rg8 33. Rxg8+ Kxg8
34. f4 e4 35. Kf2 Kf7 36. Rc1 d5 37. Rc6 a5 38. bxa5 Bxa3 39. a6 Bb2 40. Rc7+
Ke6 41. a7 Bd4+ 42. Ke2 Bxa7 43. Rxa7 h5 44. Ra6+ Kd7 45. Rb6 Kc7 46. Rxb5 Kc6
47. Rb8 d4 48. Rh8 Bg4+ 49. Nxg4 hxg4 50. Rh5 Kd5 51. Rxf5+ Kc4 52. Re5 e3 53.
f5 d3+ 54. Kxe3 1-0

[Event "CAN-ch U1600"]
[Site "Kingston CAN"]
[Date "2022.04.17"]
[Round "7.67"]
[White "Cowan, Ryan"]
[Black "Sztuka, Jeremy"]
[Result "1-0"]
[WhiteElo "1508"]
[BlackElo "1304"]
[PlyCount "35"]
[EventDate "2022.04.13"]
[EventType "swiss"]
[EventRounds "9"]
[EventCountry "CAN"]

1. e4 b6 2. d4 Bb7 3. Bd3 e6 4. c4 Bb4+ 5. Bd2 Qe7 6. a3 Bxd2+ 7. Nxd2 f5 8.
Ne2 fxe4 9. Bxe4 Bxe4 10. Nxe4 Nf6 11. Qd3 O-O 12. O-O Nc6 13. N2c3 Nxe4 14.
Qxe4 Qg5 15. d5 Rf4 16. Qe3 Ne5 17. Ne2 Nxc4 18. Qxf4 1-0

[Event "CAN-ch U1600"]
[Site "Kingston CAN"]
[Date "2022.04.17"]
[Round "7.68"]
[White "Cowan, Michael"]
[Black "Wen, Justin"]
[Result "1-0"]
[WhiteElo "1000"]
[BlackElo "1390"]
[PlyCount "65"]
[EventDate "2022.04.13"]
[EventType "swiss"]
[EventRounds "9"]
[EventCountry "CAN"]

1. e4 e5 2. Nf3 Nc6 3. Bb5 Bc5 4. d3 a6 5. Bxc6 dxc6 6. Nxe5 Qd4 7. O-O Qxe5 8.
c3 Bb6 9. d4 Qe7 10. Nd2 Be6 11. f4 O-O-O 12. f5 Bd7 13. Re1 f6 14. Nf3 g6 15.
e5 fxe5 16. Bg5 Qf7 17. Bxd8 Kxd8 18. Nxe5 Qxf5 19. Rf1 Qe6 20. Nf7+ Ke7 21.
Nxh8 Nf6 22. Re1 Ne4 23. Qf3 Ng5 24. Rxe6+ Bxe6 25. Qe3 Nf7 26. Nxf7 Kxf7 27.
Re1 Bf5 28. Qe7+ Kg8 29. Qe8+ Kg7 30. Qe5+ Kh6 31. Qf4+ Kh5 32. h3 Bc8 33. Re5+
1-0

[Event "CAN-ch U1600"]
[Site "Kingston CAN"]
[Date "2022.04.17"]
[Round "7.69"]
[White "Lim, Justin"]
[Black "Narula, Japveer"]
[Result "0-1"]
[WhiteElo "1057"]
[BlackElo "1138"]
[PlyCount "64"]
[EventDate "2022.04.13"]
[EventType "swiss"]
[EventRounds "9"]
[EventCountry "CAN"]

1. e4 e5 2. Nf3 Nc6 3. Bb5 a6 4. Ba4 Nf6 5. O-O Be7 6. Re1 O-O 7. c3 b5 8. Bc2
d6 9. h3 Bb7 10. d3 Qd7 11. Nbd2 Na5 12. b4 Nc6 13. Nf1 a5 14. bxa5 Nxa5 15.
Ng3 c5 16. d4 cxd4 17. cxd4 exd4 18. Nxd4 Rfc8 19. Bf4 g6 20. Bd3 Nc4 21. Bf1
Bf8 22. h4 h5 23. Nf3 Bg7 24. Bxc4 bxc4 25. Qxd6 Qxd6 26. Bxd6 Nxe4 27. Rad1
Nxd6 28. Rxd6 Rxa2 29. Ng5 c3 30. Rd7 c2 31. Ree7 c1=Q+ 32. Kh2 Rxf2 0-1

[Event "CAN-ch U1600"]
[Site "Kingston CAN"]
[Date "2022.04.17"]
[Round "7.70"]
[White "Li, Aiden"]
[Black "Samuel, Victor"]
[Result "1-0"]
[WhiteElo "1367"]
[BlackElo "1557"]
[PlyCount "105"]
[EventDate "2022.04.13"]
[EventType "swiss"]
[EventRounds "9"]
[EventCountry "CAN"]

1. g3 Nf6 2. c4 e6 3. d4 d5 4. c5 Nc6 5. Bg2 Be7 6. Nf3 O-O 7. Bf4 b6 8. cxb6
cxb6 9. O-O Ba6 10. Nbd2 Rc8 11. Re1 Qd7 12. Rc1 h6 13. h4 Ng4 14. Bh3 f5 15.
Nf1 Nb4 16. a3 Rxc1 17. Qxc1 Rc8 18. Qb1 Nc2 19. Rc1 Bxe2 20. Bxg4 Bxf3 21.
Bxf3 Nxd4 22. Rxc8+ Qxc8 23. Bd1 Qa6 24. Kg2 Qb5 25. Nd2 Kf7 26. Be3 Nc6 27.
Qc2 d4 28. Bf4 Kf6 29. a4 Qd5+ 30. Bf3 Qc5 31. Qxc5 bxc5 32. Bxc6 e5 33. Bd5
exf4 34. gxf4 Bd6 35. Kf3 a5 36. b3 g5 37. hxg5+ hxg5 38. fxg5+ Kxg5 39. Nc4
Bc7 40. Nb2 Kf6 41. Nd3 Bb6 42. Ke2 Ke7 43. f4 Kd6 44. Bg8 Ke7 45. Nb2 Bc7 46.
Nd3 Bd6 47. Kf3 Kf6 48. Kg3 Kg7 49. Bc4 Kf6 50. Kh4 Kg6 51. Ne5+ Kf6 52. Nc6
Bc7 53. Kh5 1-0

[Event "CAN-ch U1600"]
[Site "Kingston CAN"]
[Date "2022.04.17"]
[Round "7.71"]
[White "Gillis, Doug"]
[Black "Mourgelas, James"]
[Result "1/2-1/2"]
[WhiteElo "1356"]
[BlackElo "1329"]
[PlyCount "39"]
[EventDate "2022.04.13"]
[EventType "swiss"]
[EventRounds "9"]
[EventCountry "CAN"]

1. b3 e5 2. Bb2 Nc6 3. e3 d5 4. Bb5 Bd6 5. Nf3 Bg4 6. h3 Bxf3 7. Qxf3 Nf6 8.
Nc3 a6 9. Bxc6+ bxc6 10. O-O O-O 11. d3 Re8 12. e4 d4 13. Ne2 Re6 14. Ng3 Ne8
15. Bc1 Rg6 16. Bd2 Qf6 17. Qxf6 Nxf6 18. Nf5 Ne8 19. Nxd6 cxd6 20. f4 1/2-1/2

[Event "CAN-ch U1600"]
[Site "Kingston CAN"]
[Date "2022.04.17"]
[Round "7.72"]
[White "Brown, Dante"]
[Black "Lan, Jerry"]
[Result "0-1"]
[WhiteElo "999"]
[BlackElo "998"]
[PlyCount "60"]
[EventDate "2022.04.13"]
[EventType "swiss"]
[EventRounds "9"]
[EventCountry "CAN"]

1. d4 d5 2. Bf4 Nf6 3. Nf3 Bf5 4. h3 h5 5. e3 e6 6. c3 Bd6 7. Bxd6 Qxd6 8. Bd3
Bxd3 9. Qxd3 Nbd7 10. Nbd2 c5 11. O-O-O cxd4 12. Qxd4 Ke7 13. Rhe1 Qa6 14. a3
Rac8 15. e4 Nb6 16. exd5 Nbxd5 17. Ne4 Rc4 18. Qd3 Rhc8 19. Kd2 Rd8 20. Nxf6
Nxf6 21. Nd4 Rd5 22. b3 Rc6 23. c4 Rxd4 24. Qxd4 Rd6 25. Qxd6+ Qxd6+ 26. Kc2
Qxa3 27. Ra1 Qb4 28. Re5 Qd6 29. Rg5 Qd4 30. Rf1 Ne4 0-1